Memòria 1985-1989 : com i per a qui restaurem : objectius, mètodes i difusió de la restauració monumental / A. González, R. Lacuesta, A. López com i per a qui restaurem :
Descripción Física:
376 p. : il. ; 24 x 30 cm
MARC
| LEADER | 00000nam a2200000Ia 4500 | ||
|---|---|---|---|
| 001 | 9197 | ||
| 008 | 160829s1990 xx 000 0 cat d | ||
| 080 | |a FOL-1-166 | ||
| 110 | |a Barcelona (Catalunya : Província). |b Servei de Patrimoni Arquitectònic |9 54081 | ||
| 245 | |a Memòria 1985-1989 : |b com i per a qui restaurem : |b objectius, mètodes i difusió de la restauració monumental / A. González, R. Lacuesta, A. López | ||
| 260 | |a Barcelona : |b Diputació de Barcelona. Servei del Patrimoni Arquitectònic, |c 1990 | ||
| 300 | |a 376 p. : |b il. ; |c 24 x 30 cm | ||
| 590 | |a Textos en català i castellà. | ||
| 650 | |a Monuments |x Conservació i restauració |x Catalunya |9 28763 | ||
| 650 | |a Barcelona. Diputació. Servei del Patrimoni Arquitectònic |x Memòries |9 28764 | ||
| 700 | 1 | |a González, Antoni, |d 1943- |9 26020 | |
| 700 | |a Lacuesta, Raquel, |d 1949- |9 24935 | ||
| 700 | |a López, Albert |9 32840 | ||
| 901 | |a Arxiu | ||
| 942 | |n 1 | ||
| 952 | |0 0 |1 0 |4 0 |6 FOL1166 |7 1 |9 44934 |a Arxiu |b Arxiu |d 2016-12-01 |l 0 |o FOL-1-166 |p 9197 |r 2016-12-01 00:00:00 |w 2016-12-01 |y ARXIU | ||
| 999 | |c 47533 |d 47533 | ||